Naciones Unidas : Derechos Humanos.

Guardado en:
Formato: Deslizar
Series:Tiempo internacional
Materias:
ONU
Etiquetas: Agregar Etiqueta
Sin Etiquetas, Sea el primero en etiquetar este registro!
LEADER 01008ngm a22002535g 4500
001 CEM.cems022573
008 130507b2001##################0###0#####d
005 20241107185938.0
245 0 0 |a Naciones Unidas :  |b Derechos Humanos. 
300 |a 24'. 
490 0 |a Tiempo internacional 
500 |a En soporte VHS, consultar en ventanilla. 
505 0 |a La ONU y los derechos humanos. Comisión de los derechos humanos. Declaración universal y otros tratados. Amnistía internacional. Corte penal para los crímenes o violaciones de los derechos humanos. Estatuto de Roma. 
538 |a Soporte: VHS - Norma: Pal N - Color: Si - Grabación DRD 2001 - Hitachi=2540 
082 3 4 |/ ONU 
653 |a ONU 
653 |a NACIONES UNIDAS 
653 |a POLITICA INTERNACIONAL 
653 |a AMNISTIA INTERNACIONAL 
653 |a DERECHOS HUMANOS 
653 |a DECLARACION UNIVERSAL 
653 |a NIVEL PRIMARIO 
653 |a NIVEL SECUNDARIO 
859 |a CEMS  |b BIB. CEMS - Depto. Recursos Didacticos  |h 349  |i ONU  |k DRD  |p 1216.12  |t Ej.1